Hauptstädte, die mit M beginnen - Statistiken

Allgemein
  • Dieses Quiz wurde 2.187 mal gespielt
  • Das Durchschnittsergebnis liegt bei 14 aus 20
Antwortstatistiken
Hauptstädte % Korrekt
Madrid
92%
Moskau
89%
Maputo
78%
Minsk
78%
Male
76%
Manila
76%
Mexiko-Stadt
76%
Monaco
73%
Montevideo
73%
Managua
71%
Mogadischu
71%
Manama
69%
Monrovia
68%
Maseru
66%
Maskat
65%
Malabo
60%
Moroni
60%
Majuro
58%
Mbabane
58%
Melekeok
35%
Keine übereinstimmenden Quizze gefunden
Verteilung der Resultate
Anzahl Personen mit jedem Resultat
Perzentil nach korrekt beantworteten Fragen
Ihre Resultats-Entwicklung
Sie haben dieses Quiz noch nicht gespielt